000 00678nam a2200289Ia 4500
005 20260324121344.0
008 008 260324s9999 xx 000 0 eng d
020 _a9780203790106
037 _aEBOOK
040 _aCRL
040 _beng
040 _cCRL
041 _2eng
041 _aeng
084 _qCRL
100 _aOrrin E. Klapp
_91162196
245 0 _aHeroes, Villains, and Fools
245 4 _bThe Changing American Character
260 _bTaylor and Francis
260 _c2014
365 _a
365 _b230
856 _uhttp://www.taylorfrancis.com/books/9780203790106
942 _cEBOOK
999 _c1754241
_d1754241